000 01509nam0a2200265 4500
001 RU\NLR\ONL1\8394
005 20250613115902.0
035 _a(NLR Aleph) 009637144
090 _a9530313
_c9530313
100 _a20060419d1938 |||y0rusy50 ca
101 0 _audm
102 _aRU
105 _ay |||||||||
200 1 _aКуиньмети| пятилеткалэсь государственной заемзэ (нырысети| арезлэн выпускез) рабочийёслэн но служащойёслен коллектив'ёсазы разместить карон сярысь госкредитлы но сберегательной ужлы содействие комиссиослы памятка
_fСССР-ысь, Финанс'ёс'я народной комиссариат
210 _a[Ижевск]
_cУдмуртгосиздат
_d1938
215 _a20
_d17
541 1 _a[Памятка комиссиям содействия госкредиту и сберегательному делу о размещении Государственного займа третьей пятилетки (выпуск первого года) в коллективах рабочих и служащих]
_zrus
606 0 _aГосударственные займы
_91475953
_3RU\NLR\auth\66318565
686 1 _aУ9(2)261.63
801 0 _aRU
_bNLR
_c20060419
_gPSBO
852 _aNLR
_bОНЛ
_jУдмур./2-22
942 _cBOOK
980 _aNB